Online Catalogue and eLibrary

The quilt & Other Stories (Record no. 3323)

MARC details
000 -LEADER
fixed length control field 00384nam a2200157Ia 4500
005 - DATE AND TIME OF LATEST TRANSACTION
control field 20241106025007.0
008 - FIXED-LENGTH DATA ELEMENTS--GENERAL INFORMATION
fixed length control field 240331s9999 xx 000 0 und d
020 ## - INTERNATIONAL STANDARD BOOK NUMBER
ISBN 8185107106
082 ## - DDC Classification
Item Number - Author Mark CHU
Class No. 823
100 ## - MAIN ENTRY--PERSONAL NAME
Personal name Chughtai, I
245 #4 - TITLE STATEMENT
Title The quilt & Other Stories
260 ## - PUBLICATION, DISTRIBUTION, ETC.
Place of publication, distribution, etc. New Delhi
Name of publisher, distributor, etc. Kali for women
Date of publication, distribution, etc. 1990
300 ## - PHYSICAL DESCRIPTION
Extent (e.g. Volumes, Pages etc.) XXII, 224 P .,
500 ## - GENERAL NOTE
General note Short Stories
942 ## - Koha item type (Biblio)
Koha item type Books in Stacks (Lending)
Holdings
Lost status Damaged status Collection code Home library Current library Shelving location Date acquired Full call number Accession Number Item type
    Lending WERC Library WERC Library Social Science Cupboard 03/31/2024 823 CHU 4231 Books in Stacks (Lending)

© WERC Library